| 000 | 01387nam0a2200349 4500 | ||
|---|---|---|---|
| 001 | RU\NLR\bibl\207936 | ||
| 005 | 20260412063443.0 | ||
| 010 |
_a5-93216-042-Х _9600 |
||
| 035 | _a(NLR Aleph) 000204177 | ||
| 090 |
_a1183901 _c1183901 |
||
| 100 | _a20011129d2001 |||y0rusy50 ca | ||
| 101 | 0 | _arus | |
| 102 | _aRU | ||
| 105 | _ay ||||||||| | ||
| 200 | 1 |
_aАнтропологический принцип в философии истории (от современности к истокам) _fВ. С. Невелева _gЧеляб. гос. акад. культуры и искусств |
|
| 210 |
_aЧелябинск _cЧГАКИ _d2001 |
||
| 215 |
_a165, [1] _d20 |
||
| 320 | _aБиблиогр. в примеч. в конце разделов | ||
| 606 |
_aИстория _xФилософия _3RU\NLR\auth\66200943 _91262463 |
||
| 606 | 1 |
_aФилософия истории _91851250 _3RU\NLR\AUTH\661130172 |
|
| 606 | 0 |
_aАнтропология философская _xИстория _92152099 _3RU\NLR\auth\661295929 |
|
| 686 | _aЮ6 | ||
| 686 |
_aЮ252 _bТ08 |
||
| 686 | _aЮ216г | ||
| 700 | 1 |
_aНевелева _bВ. С. _gВера Сергеевна _4070 |
|
| 801 | 0 |
_aRU _bNLR _c20011129 _gPSBO |
|
| 801 | 1 |
_aRU _bNLR _c20011129 |
|
| 830 | _aАвт. по кн. | ||
| 942 | _cBOOK | ||
| 980 | _aNB | ||